00783cam a2200229 a 450000100100000000500170001000800410002702000150006804000180008308200190010110000430012024501130016326000480027630000210032449000270034550000290037258600440040150400310044565000240047665000260050083000270052600000778220200929154310.0940802s1993 ck b 001 0 spa  a9586121577 aDO-SdBNPcDLC aC864.44bA478a1 aAlzate Cuervo, Gastón Adolfo,d1959-13aUn aspecto desesperanzado de la literatura :bSófocles, Hölderlin, Mutis /cGaston Adolfo Alzate Cuervo. aSantafé de Bogotá :bColcultura,c1993. a101 p. ;c21 cm.1 aPremios Nacionales '93 a"Ensayo joven ex-aequo." a"Premio Nacional de Ensayo Joven 1993". aBibliografías p. 99-101. 4aEnsayos colombianos 4aLiteratura colombiana 0aPremios Nacionales '93